000 00351 a2200121 4500
001 ART_42394
005 20260410161755.0
008 260409a
245 1 0 _aEl IVA en los fideicomisos de construcción
100 1 _aReynoso, Julio C.
700 1 _aStok, Leandro
773 0 _tDoctrina tributaria
_g- Nº 365 (ago. 2010)
_wREV4296
999 _c20060
_d20060